[Event "Liberec Region-chT 2223"]
[Site "Czech Republic"]
[Date "2023.02.26"]
[Round "9.7"]
[White "Kucera, Jaroslav"]
[Black "Prazak, Jiri"]
[Result "1-0"]
[WhiteElo "1942"]
[BlackElo "1630"]
[PlyCount "39"]
[EventDate "2022.10.09"]
[EventType "team-tourn"]
[EventRounds "11"]
[EventCountry "CZE"]
[SourceTitle "EXT 2024"]
[Source "ChessBase"]
[SourceDate "2023.10.10"]
[SourceVersion "1"]
[SourceVersionDate "2023.10.10"]
[SourceQuality "1"]

1. e4 c5 2. d4 cxd4 3. c3 dxc3 4. Nxc3 a6 5. Bc4 e6 6. Nf3 Qc7 7. Qe2 d6 8. 0-0 Be7 9. Bf4 b5 10. Bb3 Nf6 11. Rac1 Qb7 12. Rfd1 e5 13. Bg5 0-0 14. Nd5 Nc6 15. Rxc6 Ne8 16. Nxe7+ Kh8 17. Rxc8 Rxc8 18. Nxc8 Qxc8 19. Be7 Rg8 20. Bxf7 1-0

[Event "Liberec Region-chT 2223"]
[Site "Czech Republic"]
[Date "2023.02.12"]
[Round "8.6"]
[White "Kucera, Jaroslav"]
[Black "Svec, Ludek"]
[Result "0-1"]
[WhiteElo "1942"]
[BlackElo "1604"]
[PlyCount "42"]
[EventDate "2022.10.09"]
[EventType "team-tourn"]
[EventRounds "11"]
[EventCountry "CZE"]
[SourceTitle "EXT 2024"]
[Source "ChessBase"]
[SourceDate "2023.10.10"]
[SourceVersion "1"]
[SourceVersionDate "2023.10.10"]
[SourceQuality "1"]

1. e4 c5 2. a3 e6 3. b4 d5 4. exd5 exd5 5. bxc5 Bxc5 6. d4 Bd6 7. Bd3 Nf6 8. Nf3 0-0 9. 0-0 Nc6 10. c3 h6 11. Nbd2 Bg4 12. Re1 Qc7 13. h3 Be6 14. Nh4 Rfe8 15. Nf5 Bxf5 16. Bxf5 Rxe1+ 17. Qxe1 Re8 18. Qd1 Ne7 19. Bd3 Qxc3 20. Nb3 Ng6 21. Bxg6 Re1+ 0-1

[Event "CZE-chT2C 1920"]
[Site "Czech Republic"]
[Date "2020.06.27"]
[Round "10.8"]
[White "Kucera, Jaroslav"]
[Black "Svacina, Tobias"]
[Result "1-0"]
[WhiteElo "1895"]
[BlackElo "1609"]
[PlyCount "59"]
[EventDate "2019.10.13"]
[EventType "team-tourn"]
[EventRounds "11"]
[EventCountry "CZE"]
[SourceTitle "EXT 2024"]
[Source "ChessBase"]
[SourceDate "2023.10.10"]
[SourceVersion "1"]
[SourceVersionDate "2023.10.10"]
[SourceQuality "1"]
[WhiteTeam "Liberec Desko"]
[BlackTeam "Praha Oaza II"]
[WhiteTeamCountry "CZE"]
[BlackTeamCountry "CZE"]

1. e4 e5 2. d4 exd4 3. Qxd4 Nc6 4. Qe3 Bb4+ 5. Nc3 d6 6. Bd2 Nf6 7. 0-0-0 0-0 8. Qg3 Ne5 9. f3 Be6 10. Nh3 Qe7 11. Kb1 Bd7 12. Nf4 c6 13. h4 Kh8 14. h5 h6 15. Nd3 a5 16. a3 Nxd3 17. Bxd3 Bc5 18. Bf4 b5 19. e5 Ne8 20. Ne4 d5 21. Nxc5 Qxc5 22. Qe1 a4 23. Qd2 Be6 24. Bxh6 Rg8 25. Bg5 Qd4 26. h6 Qxe5 27. hxg7+ Kxg7 28. Bh6+ Kf6 29. Bh7 Rh8 30. Bf4 1-0

[Event "CZE-chT2C 1920"]
[Site "Czech Republic"]
[Date "2020.02.23"]
[Round "9.8"]
[White "Smolik, Jachym"]
[Black "Kucera, Jaroslav"]
[Result "1-0"]
[WhiteElo "1900"]
[BlackElo "1895"]
[PlyCount "125"]
[EventDate "2019.10.13"]
[EventType "team-tourn"]
[EventRounds "11"]
[EventCountry "CZE"]
[SourceTitle "EXT 2024"]
[Source "ChessBase"]
[SourceDate "2023.10.10"]
[SourceVersion "1"]
[SourceVersionDate "2023.10.10"]
[SourceQuality "1"]
[WhiteTeam "Ricany 1925"]
[BlackTeam "Liberec Desko"]
[WhiteTeamCountry "CZE"]
[BlackTeamCountry "CZE"]

1. e4 d6 2. d4 Nf6 3. Nc3 e5 4. Nge2 Be7 5. g3 0-0 6. Bg2 c6 7. a4 Bg4 8. 0-0 Qd7 9. f3 Bh3 10. g4 Bxg2 11. Kxg2 Qd8 12. Ng3 Ne8 13. b3 exd4 14. Qxd4 Bf6 15. Qd2 Nd7 16. Bb2 Ne5 17. Qe2 Ng6 18. f4 Nh4+ 19. Kh1 Bd4 20. Rad1 c5 21. Rd3 Nc7 22. Nd1 Bxb2 23. Nxb2 Ne6 24. Nc4 Nd4 25. Qd1 d5 26. Nd2 dxe4 27. Ndxe4 Qc7 28. c3 Ne6 29. f5 Nf4 30. Rd7 Qe5 31. Qd6 Qxd6 32. Rxd6 Nh3 33. Nxc5 Rad8 34. Nxb7 Rxd6 35. Nxd6 Rd8 36. Nge4 h6 37. b4 Ng5 38. Nxg5 Rxd6 39. Nf3 Nxf3 40. Rxf3 Rd2 41. a5 Kf8 42. Re3 a6 43. Kg1 Rc2 44. h3 Rd2 45. Kf1 Rh2 46. Ke1 Rg2 47. Kd1 Rf2 48. Kc1 h5 49. gxh5 Rxf5 50. Kc2 Rxh5 51. c4 g5 52. b5 axb5 53. a6 Rh4 54. cxb5 Ra4 55. b6 Ra2+ 56. Kb1 Rxa6 57. Rb3 Ra8 58. Kc2 Rb8 59. Kd3 Ke7 60. Kc4 Kd7 61. Kb5 Kc8 62. Kc6 Kd8 63. b7 1-0

[Event "CZE-chT2C 1819"]
[Site "Czech Republic"]
[Date "2018.10.14"]
[Round "1.8"]
[White "Kucera, Jaroslav"]
[Black "Tesar, Martin"]
[Result "1-0"]
[WhiteElo "1884"]
[BlackElo "1973"]
[PlyCount "49"]
[EventDate "2018.10.14"]
[EventType "team-tourn"]
[EventRounds "11"]
[EventCountry "CZE"]
[SourceTitle "EXT 2022"]
[Source "ChessBase"]
[SourceDate "2021.10.06"]
[SourceVersion "1"]
[SourceVersionDate "2021.10.06"]
[SourceQuality "1"]
[WhiteTeam "Liberec Desko"]
[BlackTeam "Bakov nad Jizerou"]
[WhiteTeamCountry "CZE"]
[BlackTeamCountry "CZE"]

1. e4 e5 2. d4 exd4 3. Qxd4 Nc6 4. Qe3 Nf6 5. Nc3 Bb4 6. Bd2 0-0 7. 0-0-0 d6 8. Qg3 Nh5 9. Qf3 g6 10. h3 Be6 11. g4 Ne5 12. Qg2 Ng7 13. f4 Nc4 14. Bxc4 Bxc4 15. a3 Ba5 16. h4 h5 17. Nge2 Kh7 18. f5 Rg8 19. Qf3 gxf5 20. gxf5 Bxe2 21. Qxe2 c6 22. Qf3 Qf6 23. Bg5 Qe5 24. f6 Bxc3 25. bxc3 1-0

[Event "CZE-chT2B 1718"]
[Site "Czech Republic"]
[Date "2018.01.28"]
[Round "7.5"]
[White "Dvorak, Jan"]
[Black "Kucera, Jaroslav"]
[Result "1-0"]
[WhiteElo "2146"]
[BlackElo "1931"]
[PlyCount "103"]
[EventDate "2017.10.15"]
[EventType "team-tourn"]
[EventRounds "11"]
[EventCountry "CZE"]
[SourceTitle "EXT 2022"]
[Source "ChessBase"]
[SourceDate "2021.10.06"]
[SourceVersion "1"]
[SourceVersionDate "2021.10.06"]
[SourceQuality "1"]
[WhiteTeam "Kobylisy"]
[BlackTeam "Liberec Slavia"]
[WhiteTeamCountry "CZE"]
[BlackTeamCountry "CZE"]

1. c4 e5 2. g3 d6 3. Bg2 f5 4. d4 Be7 5. dxe5 dxe5 6. Qxd8+ Bxd8 7. Nc3 c6 8. Nf3 e4 9. Nd4 Bf6 10. Be3 Na6 11. 0-0 Ne7 12. Rfd1 0-0 13. f3 exf3 14. exf3 Ng6 15. f4 Re8 16. Bf2 Rd8 17. a3 Nc7 18. Na4 Nf8 19. Rac1 g6 20. b4 Nfe6 21. Nf3 g5 22. fxg5 Nxg5 23. Nxg5 Rxd1+ 24. Rxd1 Bxg5 25. Nc5 Ne6 26. Nd7 Nf8 27. Nxf8 Kxf8 28. b5 b6 29. Bxc6 Rb8 30. c5 Be7 31. cxb6 axb6 32. a4 Be6 33. a5 bxa5 34. b6 Bb3 35. Ra1 a4 36. Bxa4 Bd5 37. Bc2 Be4 38. Bxe4 fxe4 39. Ra4 Bd8 40. Rb4 Rb7 41. Kg2 Kf7 42. Rxe4 Kg6 43. Rb4 Kf7 44. g4 Kg6 45. h4 Kg7 46. Kf3 Kg8 47. Ke4 Re7+ 48. Kd5 Re2 49. b7 Bc7 50. Bb6 Re5+ 51. Kc6 Bb8 52. Bc7 1-0

[Event "CZE-chT2B 1718"]
[Site "Czech Republic"]
[Date "2018.01.14"]
[Round "6.6"]
[White "Kruselj, Danijel"]
[Black "Kucera, Jaroslav"]
[Result "1-0"]
[WhiteElo "2011"]
[BlackElo "1931"]
[PlyCount "125"]
[EventDate "2017.10.15"]
[EventType "team-tourn"]
[EventRounds "11"]
[EventCountry "CZE"]
[SourceTitle "EXT 2022"]
[Source "ChessBase"]
[SourceDate "2021.10.06"]
[SourceVersion "1"]
[SourceVersionDate "2021.10.06"]
[SourceQuality "1"]
[WhiteTeam "Usti nad Labem"]
[BlackTeam "Liberec Slavia"]
[WhiteTeamCountry "CZE"]
[BlackTeamCountry "CZE"]

1. d4 Nf6 2. Nf3 c5 3. e3 e6 4. c3 Nc6 5. Bd3 d5 6. Ne5 Nxe5 7. dxe5 Nd7 8. f4 c4 9. Bc2 Qh4+ 10. g3 Qh3 11. Kf2 f6 12. exf6 Nxf6 13. Qf1 Qh5 14. h3 Bc5 15. Qe2 Qh6 16. Kg2 Bd7 17. Nd2 Bc6 18. Nf3 Qh5 19. Re1 0-0 20. b4 Bd6 21. a4 Bd7 22. Nd4 Qxe2+ 23. Rxe2 a6 24. Bb2 b5 25. axb5 axb5 26. Ree1 g6 27. Rxa8 Rxa8 28. Ra1 Rxa1 29. Bxa1 e5 30. Nf3 exf4 31. exf4 Kg7 32. Bb2 Bc7 33. Bc1 Bb6 34. Bd2 Bc8 35. Be1 Bb7 36. Bf2 Bxf2 37. Kxf2 Bc8 38. Kg2 Bd7 39. Nd4 Kf7 40. Nf3 Ke7 41. Nd4 Kd6 42. g4 Ng8 43. Kg3 Nf6 44. Kh4 Ke7 45. Kg5 Kf7 46. f5 gxf5 47. Bxf5 Ne4+ 48. Bxe4 dxe4 49. Kf4 e3 50. Kxe3 Kf6 51. Kf4 Kg6 52. h4 Kf6 53. Nf3 Bc6 54. g5+ Ke7 55. Nd4 Be8 56. Ke5 Kf7 57. h5 Kf8 58. Kf6 Bd7 59. g6 hxg6 60. hxg6 Be8 61. g7+ Kg8 62. Ke7 Bf7 63. Kf6 1-0

[Event "CZE-chT2B 1617"]
[Site "Czech Republic"]
[Date "2016.10.23"]
[Round "4.8"]
[White "Kucera, Jaroslav"]
[Black "Buchar, Petr"]
[Result "1/2-1/2"]
[WhiteElo "1937"]
[BlackElo "1939"]
[PlyCount "68"]
[EventDate "2016.10.09"]
[EventType "team-tourn"]
[EventRounds "11"]
[EventCountry "CZE"]
[SourceTitle "EXT 2022"]
[Source "ChessBase"]
[SourceDate "2021.10.06"]
[SourceVersion "1"]
[SourceVersionDate "2021.10.06"]
[SourceQuality "1"]
[WhiteTeam "Liberec Desko"]
[BlackTeam "Jicin IV"]
[WhiteTeamCountry "CZE"]
[BlackTeamCountry "CZE"]

1. e4 c5 2. d4 cxd4 3. c3 d5 4. exd5 Qxd5 5. cxd4 Nc6 6. Nf3 e5 7. Nc3 Bb4 8. Bd2 Bxc3 9. Bxc3 e4 10. Ne5 Nxe5 11. dxe5 Ne7 12. b3 Be6 13. Be2 0-0 14. 0-0 Rfd8 15. Qe1 Qc6 16. Rc1 Rac8 17. Bb2 Qb6 18. Rxc8 Rxc8 19. Qd2 Nf5 20. Rc1 Rd8 21. Qe1 e3 22. Rd1 exf2+ 23. Qxf2 Rxd1+ 24. Bxd1 Qe3 25. Bf3 b6 26. h3 Kf8 27. Ba3+ Ke8 28. Bc6+ Bd7 29. Qxe3 Nxe3 30. Bf3 Bf5 31. Bc6+ Bd7 32. Be4 Bf5 33. Bc6+ Bd7 34. Be4 Bf5 1/2-1/2

[Event "CZE-chT2B 1516"]
[Site "Czech Republic"]
[Date "2016.04.17"]
[Round "11.7"]
[White "Joukl, Zdenek"]
[Black "Kucera, Jaroslav"]
[Result "1-0"]
[WhiteElo "2098"]
[BlackElo "1982"]
[PlyCount "99"]
[EventDate "2015.10.18"]
[EventType "team-tourn"]
[EventRounds "11"]
[EventCountry "CZE"]
[SourceTitle "EXT 2022"]
[Source "ChessBase"]
[SourceDate "2021.10.06"]
[SourceVersion "1"]
[SourceVersionDate "2021.10.06"]
[SourceQuality "1"]
[WhiteTeam "Bakov nad Jizerou"]
[BlackTeam "Turnov Zikuda III"]
[WhiteTeamCountry "CZE"]
[BlackTeamCountry "CZE"]

1. c4 e5 2. Nc3 d6 3. g3 f5 4. Bg2 Nf6 5. d3 c6 6. e4 Be7 7. Nge2 0-0 8. 0-0 Na6 9. Rb1 fxe4 10. dxe4 Be6 11. b3 Qe8 12. Be3 Rd8 13. Qd3 Nc5 14. Qc2 Ncd7 15. Rbd1 Nb6 16. Rd2 Qh5 17. f3 Bh3 18. Nc1 Ne8 19. Qd3 Bg5 20. Rdf2 Bxg2 21. Kxg2 Rf6 22. Rh1 Rh6 23. h3 Rg6 24. N1e2 Qh6 25. Bc1 Bxc1 26. Rxc1 Nd7 27. b4 Ndf6 28. Rg1 Nh5 29. Kh2 Nc7 30. Nd1 Ne6 31. Rfg2 Rf8 32. Nf2 Ng5 33. f4 exf4 34. Ng4 fxg3+ 35. Rxg3 Nf3+ 36. Rxf3 Qg5 37. Rxf8+ Kxf8 38. Rf1+ Kg8 39. e5 dxe5 40. Qf5 Qxf5 41. Rxf5 Nf4 42. Rxe5 Nd3 43. Re8+ Kf7 44. Rb8 h5 45. Rxb7+ Ke8 46. Rb8+ Ke7 47. Ne3 Ne5 48. Nd4 Kd6 49. Rb7 c5 50. Nef5# 1-0

[Event "CZE-chT2B 1516"]
[Site "Czech Republic"]
[Date "2016.04.03"]
[Round "10.7"]
[White "Kucera, Jaroslav"]
[Black "Zavadilova, Jana"]
[Result "1-0"]
[WhiteElo "1982"]
[BlackElo "2020"]
[PlyCount "51"]
[EventDate "2015.10.18"]
[EventType "team-tourn"]
[EventRounds "11"]
[EventCountry "CZE"]
[SourceTitle "EXT 2022"]
[Source "ChessBase"]
[SourceDate "2021.10.06"]
[SourceVersion "1"]
[SourceVersionDate "2021.10.06"]
[SourceQuality "1"]
[WhiteTeam "Turnov Zikuda III"]
[BlackTeam "Unichess II"]
[WhiteTeamCountry "CZE"]
[BlackTeamCountry "CZE"]

1. e4 e5 2. f4 exf4 3. Nf3 Nc6 4. d4 d6 5. Bxf4 f5 6. d5 fxe4 7. dxc6 exf3 8. Qxf3 bxc6 9. Bb5 Bd7 10. Bxc6 Rb8 11. 0-0 Nf6 12. Nc3 Bxc6 13. Qxc6+ Qd7 14. Rae1+ Be7 15. Qc4 Kd8 16. Qa6 c6 17. b3 Qb7 18. Qd3 Qd7 19. Rd1 Kc7 20. Qa6 Rb7 21. Na4 Ne4 22. Qd3 Rb4 23. a3 Rxa4 24. bxa4 Nc5 25. Qc4 Ne6 26. Bg3 1-0

[Event "CZE-chT2B 1516"]
[Site "Czech Republic"]
[Date "2016.02.21"]
[Round "8.7"]
[White "Kucera, Jaroslav"]
[Black "Kamenik, Martin"]
[Result "1-0"]
[WhiteElo "1982"]
[BlackElo "1937"]
[PlyCount "69"]
[EventDate "2015.10.18"]
[EventType "team-tourn"]
[EventRounds "11"]
[EventCountry "CZE"]
[SourceTitle "EXT 2022"]
[Source "ChessBase"]
[SourceDate "2021.10.06"]
[SourceVersion "1"]
[SourceVersionDate "2021.10.06"]
[SourceQuality "1"]
[WhiteTeam "Turnov Zikuda III"]
[BlackTeam "Most Chess"]
[WhiteTeamCountry "CZE"]
[BlackTeamCountry "CZE"]

1. e4 d6 2. d4 g6 3. f4 Bg7 4. Nf3 Bg4 5. Be2 Nc6 6. c3 e6 7. 0-0 Nge7 8. Nbd2 0-0 9. Nc4 d5 10. exd5 Nxd5 11. Nce5 Nxe5 12. fxe5 c6 13. Kh1 h6 14. Bd2 Kh7 15. Qe1 Bxf3 16. Rxf3 c5 17. Qf2 cxd4 18. cxd4 Kg8 19. Rf1 Qe7 20. Bd3 Rac8 21. a3 b6 22. Be4 a5 23. Qe2 Qd7 24. Rh3 h5 25. g4 f5 26. exf6 Nxf6 27. gxh5 gxh5 28. Rg1 Qxd4 29. Rh4 Qxb2 30. Rxg7+ Kxg7 31. Bh6+ Kxh6 32. Qxb2 Rc4 33. Qd2+ Kg7 34. Qg5+ Kh8 35. Rxh5+ 1-0

[Event "Teplice op 10th"]
[Site "Teplice"]
[Date "2015.06.21"]
[Round "9"]
[White "Kucera, Jaroslav"]
[Black "Krehla, Milan"]
[Result "1-0"]
[WhiteElo "1939"]
[BlackElo "1812"]
[PlyCount "115"]
[EventDate "2015.06.13"]
[EventType "swiss"]
[EventRounds "9"]
[EventCountry "CZE"]
[SourceTitle "EXT 2017"]
[Source "ChessBase"]
[SourceDate "2016.10.25"]
[SourceVersion "1"]
[SourceVersionDate "2016.10.25"]
[SourceQuality "1"]

1. e4 e5 2. f4 d6 3. Nf3 Nc6 4. Bc4 Be7 5. 0-0 Nf6 6. d3 0-0 7. a3 Bg4 8. h3 Be6 9. Bxe6 fxe6 10. Ng5 Qd7 11. f5 exf5 12. Rxf5 Nd4 13. Rf1 c6 14. Be3 Ne6 15. Nxe6 Qxe6 16. Nd2 d5 17. Qe2 d4 18. Bf2 b5 19. Bg3 Rae8 20. b3 Bd6 21. a4 a6 22. axb5 axb5 23. Ra6 Bc7 24. Rfa1 g6 25. Nf3 Nh5 26. Bh2 Nf4 27. Bxf4 Rxf4 28. Ra7 Re7 29. R1a6 Qd7 30. Rb7 Qd6 31. Rxb5 Ref7 32. Kh2 Qd7 33. Rb7 Qd6 34. Ra8+ Kg7 35. Raa7 h6 36. Ra6 Qf6 37. Raa7 Qd6 38. Ra4 g5 39. Raa7 Kg6 40. Qe1 c5 41. Qa1 Kg7 42. Ra5 Qd8 43. Ra8 Qf6 44. Ra6 Qd8 45. Rc6 g4 46. Ng1 Bd6 47. Rxf7+ Rxf7 48. Qa6 Rd7 49. hxg4 Qf6 50. Nh3 Kf7 51. Qc8 Qd8 52. Qa6 Qf8 53. Qc4+ Ke7 54. Qa6 Qg7 55. Qc8 Qxg4 56. Qh8 Qg6 57. Rc8 Bc7 58. Qf8+ 1-0

[Event "Teplice op 10th"]
[Site "Teplice"]
[Date "2015.06.20"]
[Round "8"]
[White "Baum, Bernd"]
[Black "Kucera, Jaroslav"]
[Result "1-0"]
[WhiteElo "2309"]
[BlackElo "1939"]
[PlyCount "69"]
[EventDate "2015.06.13"]
[EventType "swiss"]
[EventRounds "9"]
[EventCountry "CZE"]
[SourceTitle "EXT 2017"]
[Source "ChessBase"]
[SourceDate "2016.10.25"]
[SourceVersion "1"]
[SourceVersionDate "2016.10.25"]
[SourceQuality "1"]

1. Nf3 d6 2. e4 Nf6 3. Nc3 e5 4. d4 Bg4 5. dxe5 Bxf3 6. Qxf3 dxe5 7. Bd2 Nbd7 8. 0-0-0 c6 9. g4 h6 10. h4 g6 11. Bh3 Qc7 12. g5 Ng8 13. Be3 Rd8 14. Rd2 Nb6 15. Rxd8+ Qxd8 16. Rd1 Bd6 17. Bc5 Nc4 18. Qd3 Qe7 19. Bxd6 Nxd6 20. Qxd6 Qxd6 21. Rxd6 hxg5 22. Rd3 Rxh4 23. Bc8 Ne7 24. Bxb7 f5 25. Rd6 f4 26. Bxc6+ Kf7 27. Bd5+ Kg7 28. Re6 Nxd5 29. exd5 f3 30. Rxe5 Kf6 31. Re3 g4 32. d6 Rh7 33. Ne4+ Kf5 34. c4 g5 35. c5 1-0

[Event "Teplice op 10th"]
[Site "Teplice"]
[Date "2015.06.17"]
[Round "5"]
[White "Kucera, Jaroslav"]
[Black "Vykouk, Jan"]
[Result "0-1"]
[WhiteElo "1939"]
[BlackElo "2143"]
[PlyCount "66"]
[EventDate "2015.06.13"]
[EventType "swiss"]
[EventRounds "9"]
[EventCountry "CZE"]
[SourceTitle "EXT 2017"]
[Source "ChessBase"]
[SourceDate "2016.10.25"]
[SourceVersion "1"]
[SourceVersionDate "2016.10.25"]
[SourceQuality "1"]

1. e4 c5 2. d4 cxd4 3. c3 dxc3 4. Nxc3 Nc6 5. Nf3 d6 6. Bc4 a6 7. Bg5 Nf6 8. Bxf6 gxf6 9. Nh4 Ne5 10. Bb3 e6 11. 0-0 Rg8 12. Qh5 f5 13. Nf3 Nxf3+ 14. Qxf3 fxe4 15. Nxe4 Be7 16. Qh5 Rg7 17. Rfd1 d5 18. Rd3 Kf8 19. Qh6 Bg5 20. Qh5 Qe7 21. Nc3 Bd7 22. Bc2 Bf4 23. Rf3 Qg5 24. Qxg5 Bxg5 25. Re1 Rc8 26. Bd3 Bd2 27. Rb1 Bxc3 28. bxc3 Rxc3 29. Kf1 Rc7 30. Rh3 e5 31. Rxh7 Rxh7 32. Bxh7 e4 33. f3 Kg7 0-1

[Event "CZE-chT2B 1415"]
[Site "Czech Republic"]
[Date "2015.02.22"]
[Round "8.5"]
[White "Vanek, Tomas"]
[Black "Kucera, Jaroslav"]
[Result "1-0"]
[WhiteElo "2230"]
[BlackElo "1929"]
[PlyCount "45"]
[EventDate "2014.11.02"]
[EventType "team-tourn"]
[EventRounds "11"]
[EventCountry "CZE"]
[SourceTitle "EXT 2022"]
[Source "ChessBase"]
[SourceDate "2021.10.06"]
[SourceVersion "1"]
[SourceVersionDate "2021.10.06"]
[SourceQuality "1"]
[WhiteTeam "Teplice"]
[BlackTeam "Liberec Lokomotiva"]
[WhiteTeamCountry "CZE"]
[BlackTeamCountry "CZE"]

1. d4 Nf6 2. c4 e5 3. dxe5 Ng4 4. e3 Nc6 5. Qxg4 Nxe5 6. Qd1 Bc5 7. Nf3 Ng6 8. Be2 d6 9. 0-0 h5 10. Nc3 a6 11. Rb1 Bg4 12. b4 Ba7 13. c5 Bb8 14. e4 Bxf3 15. Bxf3 Ne5 16. cxd6 cxd6 17. Bf4 Qf6 18. Nd5 Qd8 19. Rc1 g6 20. Bxe5 dxe5 21. Nb6 Ba7 22. Nxa8 Qxa8 23. Qd6 1-0

[Event "CZE-chT2B 1415"]
[Site "Czech Republic"]
[Date "2014.11.02"]
[Round "1.4"]
[White "Kucera, Jaroslav"]
[Black "Purnoch, Josef"]
[Result "0-1"]
[WhiteElo "1929"]
[BlackElo "2188"]
[PlyCount "62"]
[EventDate "2014.11.02"]
[EventType "team-tourn"]
[EventRounds "11"]
[EventCountry "CZE"]
[SourceTitle "EXT 2022"]
[Source "ChessBase"]
[SourceDate "2021.10.06"]
[SourceVersion "1"]
[SourceVersionDate "2021.10.06"]
[SourceQuality "1"]
[WhiteTeam "Liberec Lokomotiva"]
[BlackTeam "Neratovice"]
[WhiteTeamCountry "CZE"]
[BlackTeamCountry "CZE"]

1. e4 c5 2. d4 cxd4 3. c3 dxc3 4. Nxc3 Nc6 5. Nf3 d6 6. Bc4 a6 7. 0-0 Nf6 8. Bg5 e6 9. Qe2 h6 10. Be3 Be7 11. Rfd1 Qa5 12. a3 0-0 13. b4 Qh5 14. Rac1 b5 15. Ba2 Bb7 16. Bf4 Rfd8 17. h3 Rac8 18. Bb1 Ne5 19. Bxe5 dxe5 20. Rxd8+ Bxd8 21. Qe3 Rc4 22. Qa7 Bxe4 23. Bxe4 Nxe4 24. Qa8 Nxc3 25. Qxd8+ Kh7 26. Re1 e4 27. Nd2 Ne2+ 28. Rxe2 Qxe2 29. Nxc4 bxc4 30. Qd4 Qe1+ 31. Kh2 c3 0-1

[Event "CZE-chT2B 1314"]
[Site "Czech Republic"]
[Date "2014.04.06"]
[Round "11.7"]
[White "Kucera, Jaroslav"]
[Black "Koudelka, Milos"]
[Result "1-0"]
[WhiteElo "2003"]
[BlackElo "1758"]
[PlyCount "127"]
[EventDate "2013.11.03"]
[EventType "team-tourn"]
[EventRounds "11"]
[EventCountry "CZE"]
[SourceTitle "EXT 2015"]
[Source "ChessBase"]
[SourceDate "2014.11.20"]
[SourceVersion "1"]
[SourceVersionDate "2014.11.20"]
[SourceQuality "1"]
[WhiteTeam "Liberec Desko"]
[BlackTeam "Novoborsky III"]
[WhiteTeamCountry "CZE"]
[BlackTeamCountry "CZE"]

1. e4 c6 2. d4 d5 3. e5 g6 4. h4 h5 5. Nh3 Bxh3 6. Rxh3 e6 7. Nd2 Nh6 8. Nf3 Nf5 9. c3 Nd7 10. Bd3 Bh6 11. Bxh6 Nxh6 12. Ng5 Qe7 13. Qe2 a6 14. a4 c5 15. Qd2 Nf5 16. Bxf5 gxf5 17. Kf1 a5 18. b3 Ra6 19. Rc1 Qd8 20. Qd1 Rc6 21. c4 cxd4 22. cxd5 Rxc1 23. Qxc1 exd5 24. Qf4 f6 25. exf6 Qxf6 26. Rd3 Qe5 27. Qxe5+ Nxe5 28. Rxd4 0-0 29. Rxd5 Nc6 30. Rb5 Rb8 31. Rxf5 Nd4 32. Rxa5 Nxb3 33. Rb5 Nd4 34. Rd5 Nc2 35. Ne6 Re8 36. Rd8 Kf7 37. Rxe8 Kxe8 38. Ng7+ Kf7 39. Nxh5 Kg6 40. Nf4+ Kf5 41. g3 Nd4 42. Kg2 Ke4 43. Kf1 Kf5 44. Nd3 Nb3 45. Ke2 Ke4 46. f3+ Kd5 47. h5 Nd4+ 48. Ke3 b6 49. g4 Nc6 50. h6 Ne7 51. f4 Ke6 52. Ke4 Kf7 53. Ne5+ Kg8 54. g5 Nc8 55. f5 b5 56. axb5 Nd6+ 57. Kd5 Nxb5 58. g6 Nc7+ 59. Kd6 Ne8+ 60. Ke7 Nc7 61. Ng4 Nd5+ 62. Kd6 Nf4 63. Nf6+ Kf8 64. g7+ 1-0

[Event "CZE-chT2B 1314"]
[Site "Czech Republic"]
[Date "2014.02.16"]
[Round "8.7"]
[White "Chaloupka, Martin"]
[Black "Kucera, Jaroslav"]
[Result "1-0"]
[WhiteElo "1869"]
[BlackElo "2003"]
[PlyCount "75"]
[EventDate "2013.11.03"]
[EventType "team-tourn"]
[EventRounds "11"]
[EventCountry "CZE"]
[SourceTitle "EXT 2015"]
[Source "ChessBase"]
[SourceDate "2014.11.20"]
[SourceVersion "1"]
[SourceVersionDate "2014.11.20"]
[SourceQuality "1"]
[WhiteTeam "Litomerice"]
[BlackTeam "Liberec Desko"]
[WhiteTeamCountry "CZE"]
[BlackTeamCountry "CZE"]

1. e4 d5 2. exd5 Nf6 3. d4 Bg4 4. Be2 Bxe2 5. Nxe2 Qxd5 6. 0-0 Nc6 7. Nbc3 Qf5 8. Ng3 Qg6 9. f4 h5 10. f5 Qg4 11. Qxg4 hxg4 12. Be3 Nb4 13. Rac1 0-0-0 14. a3 Nbd5 15. Nxd5 Nxd5 16. Bd2 Nf6 17. c3 Rh7 18. Rce1 g6 19. fxg6 fxg6 20. Ne4 Bh6 21. Bxh6 Rxh6 22. Nxf6 exf6 23. Rxf6 Rdh8 24. Re2 Rxh2 25. Rxg6 R2h4 26. Kf2 Rf8+ 27. Kg3 Rh1 28. Rg7 Rb1 29. Kxg4 c6 30. g3 a5 31. Kg5 a4 32. g4 Kb8 33. Kg6 Ka8 34. g5 Kb8 35. Rh2 Ka7 36. Kh7 Rg1 37. g6 Kb6 38. Rf7 1-0

[Event "CZE-chT2B 1314"]
[Site "Czech Republic"]
[Date "2014.02.02"]
[Round "7.7"]
[White "Kucera, Jaroslav"]
[Black "Kamenik, Martin"]
[Result "1-0"]
[WhiteElo "2003"]
[BlackElo "2035"]
[PlyCount "29"]
[EventDate "2013.11.03"]
[EventType "team-tourn"]
[EventRounds "11"]
[EventCountry "CZE"]
[SourceTitle "EXT 2015"]
[Source "ChessBase"]
[SourceDate "2014.11.20"]
[SourceVersion "1"]
[SourceVersionDate "2014.11.20"]
[SourceQuality "1"]
[WhiteTeam "Liberec Desko"]
[BlackTeam "Most Chess"]
[WhiteTeamCountry "CZE"]
[BlackTeamCountry "CZE"]

1. e4 d6 2. d4 g6 3. Nc3 Bg7 4. f4 Nc6 5. Nf3 e6 6. Be3 Nge7 7. Qd2 0-0 8. g4 f5 9. gxf5 gxf5 10. e5 d5 11. Qg2 Kh8 12. Rg1 Rg8 13. Qh3 Qf8 14. Ng5 Bh6 15. Qxh6 1-0

[Event "CZE-chT2B 1314"]
[Site "Czech Republic"]
[Date "2013.12.01"]
[Round "3.7"]
[White "Chmelik, Jiri"]
[Black "Kucera, Jaroslav"]
[Result "1/2-1/2"]
[WhiteElo "1998"]
[BlackElo "2003"]
[PlyCount "89"]
[EventDate "2013.11.03"]
[EventType "team-tourn"]
[EventRounds "11"]
[EventCountry "CZE"]
[SourceTitle "EXT 2015"]
[Source "ChessBase"]
[SourceDate "2014.11.20"]
[SourceVersion "1"]
[SourceVersionDate "2014.11.20"]
[SourceQuality "1"]
[WhiteTeam "Litvinov Lom"]
[BlackTeam "Liberec Desko"]
[WhiteTeamCountry "CZE"]
[BlackTeamCountry "CZE"]

1. d4 Nf6 2. Nf3 d6 3. c4 g6 4. Nc3 Bg7 5. e4 0-0 6. Be2 Nbd7 7. 0-0 c5 8. Rb1 cxd4 9. Nxd4 Nc5 10. f3 Ne6 11. Be3 Nxd4 12. Bxd4 Ne8 13. c5 dxc5 14. Bxc5 Qc7 15. Ba3 Bxc3 16. bxc3 Be6 17. c4 Nd6 18. c5 Nc4 19. Bxc4 Bxc4 20. Rf2 Rfd8 21. Qc1 Ba6 22. Bb4 Rd3 23. Rb3 Rad8 24. Rxd3 Rxd3 25. Rd2 Qd7 26. Rxd3 Qxd3 27. Qe1 Kf8 28. h3 Bb5 29. Kh2 f6 30. a3 Kf7 31. e5 Bc6 32. exf6 exf6 33. Qg3 Qd7 34. Qb8 a6 35. Bc3 Kg7 36. Qf4 Qe6 37. g4 h6 38. h4 Kh7 39. Kg3 g5 40. hxg5 hxg5 41. Qc1 Qe2 42. Qb1+ Kh6 43. Qf5 Qe7 44. Kf2 Bb5 45. Qxf6+ 1/2-1/2